1008 1550 1284 1797 1576 1126 1041 1422 1092 1506 1902 1820 1414 1357 1064 1592 1302 1528 1855 1057 1611 1135 1443 1285 1269 1714 1864 1772 1661 1393 1763 1800 1127 1652 1652 1413 1894 1915 1106 1874 1992 1548 1120 1131 1449 1506 1509 1277 1632 1619 1639 1546 1580 1871 1660 1062 1330 1506 1931 1231 1161 1591 1042 1306 1798 1960 1957 1970 1966 1223 1584 1277 1897 1365 1421 1206 1333 1252 1666 1051 1484 1901 1516 1978 1710 1107 1488 1207 1168 1211 1168 1171 1215 1878 1983 1344 1941 1908 1115 BCNSPRNW ULIB Ver.6.0+V

เปลี่ยนเป็นภาษาไทย

Change to English
 แสดงรายละเอียดบรรณานุกรม
  กลับหน้าหลัก

Brief Record : Get Marc (ISO 2709) : E-mail record : QR code < ปิดหน้าต่าง
LEADER : 00000nam 2200000uu 4500
001    13399128481
003     ULIB
008    230830s2020||||th 000 0 tha d
020    ^a9781108781626 (pbk.)
050  4 ^aPE1128^bIG22
245 00 ^aIELTS 15 general training with answers :^bauthenticexamination tests /^c[Cambridge University Press]
260    ^aCambridge :^bCambridge University Press,^c2020
300    ^a140 p. :^bill. ;^c25 cm.
650  0 ^aInternational English Language Testing System^vStudyguides
650  0 ^aEnglish language^vTextbooks for foreign speakers
650  0 ^aEnglish language^xStudy and teaching
650  0 ^aEnglish language^xExaminations^vStudy guides
650  0 ^aEnglish language^vProblems, exercises, etc.
653    ^aIELTS
945    ^p1099^l0^i010225
999    ^aประนอม เกษจรัล
รายการนี้ยังไม่มีแท็ก
คุณยังไม่ได้ล็อกอิน คุณสามารถมีกิจกรรมร่วมกับเว็บไซต์ได้ แต่ต้องล็อกอินก่อน ::
  ล็อกอิน

รายการสื่อสารสนเทศ

ลำดับที่ ประเภท เลขเรียก/บาร์โค้ด สถานที่ สถานะ
1. การศึกษาทั่วไป
หนังสือสำรอง
สถานะ=หนังสือสำรอง
PE1128 IG22 ฉ.1 
  Barcode: 010225
ห้องสมุดวิทยาเขตสวรรค์ประชารักษ์
►หนังสือทั่วไป
บนชั้น

BibComment


ยังไม่เคยถูกคอมเมนท์

คอมเมนท์ทรัพยากรรายการนี้
  คอมเมนท์: IELTS 15 general..


 Copyright 2026. Bcnsprnw @Library